000
00290nam a2200121 a 4500
001
4140
005
20140414131848.0
008
090218s19uu xx 00 eng d
050
_a
M 428.2
_b
M42 2003
100
_a
Mathur, Chandralekha
245
_a
Working with adjectives.
999
_c
110055
_d
110055